000 00417nam a2200169Ia 4500
005 20250508161420.0
008 008 250505s9999 xx 000 0 eng d
037 _aTextual
040 _aFEDL
_beng
_cFEDL
041 _aeng
_2eng
084 _a910, NCE
_qFEDL
245 0 _aPreparation and evaluation
245 0 _cNCERT
300 _a189p.
942 _cTEXL
_h910, NCE
999 _c1369905
_d1369905